Countries With Dictators - Statistics

General Stats
  • This quiz has been taken 481 times
  • The average score is 11 of 23
Answer Stats
Answer % Correct
North Korea
92%
China
84%
Iran
77%
Syria
70%
Cuba
68%
Vietnam
58%
Belarus
57%
Libya
57%
Egypt
55%
Sudan
55%
Turkmenistan
54%
Zimbabwe
52%
Chad
46%
Uzbekistan
46%
Myanmar
42%
Eritrea
41%
Ethiopia
39%
Kazakhstan
38%
Rwanda
29%
Tunisia
29%
Cameroon
25%
Equatorial Guinea
24%
Madagascar
13%
No matching quizzes found
Score Distribution
Percent of People with Each Score
Percentile by Number Answered
Your Score History
You have not taken this quiz